ذكريات معه / (Record no. 15303)
[ view plain ]
| 000 -الفاتح | |
|---|---|
| حقل البيانات ثابتة الطول | 01257nam a2200313 i 4500 |
| 003 - محدد رقم الضبط | |
| رقم الضبط | EG-ScBUE |
| 005 - وقت وتاريخ اخر تعامل مع التسجيلة | |
| رقم الضبط | 20240123153234.0 |
| 008 - عناصر البيانات ثابتة الطول - معلومات عامة | |
| حقل البيانات ثابتة الطول | 110516s2011 ua o f 000 0bbara d |
| 020 ## - الرقم الدولى المعيارى للكتب | |
| الرقم الدولى المعيارى للكتاب | 9789770929996 |
| 035 ## - رقم ضبط النظام | |
| رقم ضبط النظام | 2011 / 3108 |
| 040 ## - مصدر الفهرسة | |
| وكالة الفهرسة الأصلية | EG-ScBUE |
| لغة الفهرسة | ara |
| قواعد الوصف | rda |
| وكالة النسخ | EG-ScBUE |
| وكالة التعديل | EG-ScBUE |
| 043 ## - رمز المنطقة الجغرافية | |
| رمز المنطقة الجغرافية | f-ua--- |
| 082 04 - رقم تصنيف ديوى العشرى | |
| رقم الطبعة | 22 |
| رقم التصنيف | 962.053 |
| رقم المادة | ن ا ص |
| 100 1# - المدخل الرئيسى - إسم شخصى | |
| 9 (RLIN) | 23857 |
| الإسم الشخصى | عبد الناصر، تحية جمال، |
| التواريخ المصاحبة للاسم | 1923-1990، |
| الدور | مؤلف. |
| 245 10 - بيان العنوان | |
| العنوان | ذكريات معه / |
| بيان المسئوليه,etc | تحية جمال عبد الناصر. |
| 250 ## - بيان الطبعة | |
| بيان الطبعة | الطبعة الأولى. |
| 264 #1 - النشر، التوزيع | |
| مكان الناشر او الموزع | القاهرة : |
| اسم الناشر او الموزع | دار الشروق، |
| تاريخ النشر أو التوزيع | 2011. |
| 300 ## - الوصف المادى | |
| التعداد | 50، 136 صفحة : |
| تفاصيل ماديه اخرى للوعاء | صور ؛ |
| أبعاد الوعاء | 25 سم |
| 336 ## - نوع المحتوى | |
| source | rdacontent |
| Carrier Type Term | نص |
| Content Type Code | txt |
| 337 ## - نوع الوسيط | |
| Media Type Term | بدون وسيط |
| source | rdamedia |
| Media Type Code | n |
| 338 ## - نوع الحامل أو الناقل | |
| Carrier Type Term | مجلد |
| Carrier Type Code | nc |
| source | rdacarrier |
| 600 07 - المدخل الاضافى بالموضوع-اسم شخصى | |
| 9 (RLIN) | 21925 |
| الإسم الشخصى | جمال عبد الناصر |
| التواريخ المصاحبة للاسم | 1918-1970. |
| مصدر الرأس أو المصطلح | BUEsh |
| 600 07 - المدخل الاضافى بالموضوع-اسم شخصى | |
| 9 (RLIN) | 23858 |
| الإسم الشخصى | جمال عبد الناصر |
| التواريخ المصاحبة للاسم | 1918-1970 |
| التقسيم الفرعي العام | الأسرة والأصدقاء. |
| مصدر الرأس أو المصطلح | BUEsh |
| 600 07 - المدخل الاضافى بالموضوع-اسم شخصى | |
| 9 (RLIN) | 23859 |
| الإسم الشخصى | جمال عبد الناصر |
| التواريخ المصاحبة للاسم | 1918-1970 |
| التقسيم الفرعي العام | الصور الشخصية. |
| مصدر الرأس أو المصطلح | BUEsh |
| 651 #7 - المدخل الاضافى بالموضوع - اسم جغرافى | |
| مصدر الرأس أو المصطلح | BUEsh |
| الاسم الجغرافي | مصر |
| التقسيم الفرعي العام | تاريخ |
| التقسيم الفرعي الزمني | العصر الحديث |
| -- | جمال عبد الناصر (1954-1970). |
| 653 ## - مصطلح تكشيفى غير مقيد | |
| Arrived date list | May2011 |
| 655 ## - مصطلح تكشيفى-نوع/شكل | |
| التقسيم الفرعي الشكلي | Reading book |
| 942 ## - عناصر المدخل الإضافي( كوها) | |
| مصدر التصنيف او مخطط الترفيف | Dewey Decimal Classification |
| Koha [default] item type | Book - Borrowing |
| حالة التراجع | حالة الفقد | مصدر التصنيف او خطة الترفيف | حالة تلف | ليس للاعارة | مجموعات كوها | المكان الدائم | المكان الحالي | موقع الترفيف | تاريخ الاكتساب | Source of acquisition | سعر الشراء الطبيعي | تعداد مسلسل / التسلسل الزمني | رقم الاستدعاء | الباركود | Date last seen | مُعار | نوع الوعاء |
|---|---|---|---|---|---|---|---|---|---|---|---|---|---|---|---|---|---|
| Dewey Decimal Classification | Dar Al shrok | Central Library | Central Library | Second Floor | 16/05/2011 | Purchase | 65.00 | 046505 | 962.053 ن ا ص | 000023577 | 15/07/2025 | 24/07/2014 | Book - Borrowing |